00338pam a2200121 a 4500020000500000041000500005082002800010100002000038245008300058250001100141260005600152300000800208 c h a658.29999999999995bMAR aMartocchio,J.J. aStrategic Compensation A Human Resource Management ApproachhTextual Documents a3rd ed aNew DelhibPearson Education [Addison Wesley]c2009 a527